书目信息 |
| 题名: |
建筑画与表现技法(室外篇)
|
|
| 作者: | 李延龄 主编 | |
| 分册: | ||
| 出版信息: | 北京 中国建筑工业出版社 1998.05 |
|
| 页数: | 90页 | |
| 开本: | 16开 | |
| 丛书名: | ||
| 单 册: | ||
| 中图分类: | TU204 | |
| 科图分类: | ||
| 主题词: | 建筑设计 | |
| 电子资源: | ||
| ISBN: | 7-112-03426-4 | |
| 000 | 00579nam0 2200193 45 | |
| 001 | 0011201529 | |
| 005 | 20010108103755.2 | |
| 010 | @a7-112-03426-4@d14.00元 | |
| 100 | @a20001120d1998 km y0chiy0120 ea | |
| 101 | 0 | @achi |
| 105 | @a z 000yy | |
| 200 | 1 | @a建筑画与表现技法(室外篇)@AJian Zhu Hua Yu Biao Xian Ji Fa(Shi Wai Pian)@f李延龄主编@FLi Yan Ling Zhu Bian |
| 210 | @a北京@c中国建筑工业出版社@d1998.05 | |
| 215 | @a90页@d16开 | |
| 606 | 0 | @a建筑设计 |
| 690 | @aTU204@v3 | |
| 701 | 0 | @a李延龄@4主编 |
| 801 | @aCN@bPftUser@c20001120 | |
| 905 | @dTU204@eL465@b519585-589@f5 | |
| 建筑画与表现技法(室外篇)/李延龄主编.-北京:中国建筑工业出版社,1998.05 |
| 90页;16开 |
| ISBN 7-112-03426-4:14.00元 |
| ● |
| 相关链接 |
|
|
|
正题名:建筑画与表现技法(室外篇)
索取号:TU204/L465
 
预约/预借
| 序号 | 登录号 | 条形码 | 馆藏地/架位号 | 状态 | 备注 |
| 1 | 519585 | 205195858 | 建筑库101/101建筑库 108排5列6层/ [索取号:TU204/L465] | 在馆 | |
| 2 | 519586 | 205195867 | 建筑库101/101建筑库 108排5列6层/ [索取号:TU204/L465] | 在馆 | |
| 3 | 519587 | 205195876 | 建筑库101/101建筑库 108排5列6层/ [索取号:TU204/L465] | 在馆 | |
| 4 | 519588 | 205195885 | 建筑库101/101建筑库 108排5列6层/ [索取号:TU204/L465] | 在馆 | |
| 5 | 519589 | 205195894 | 建筑库101/101建筑库 108排5列6层/ [索取号:TU204/L465] | 在馆 |